<?xml version="1.0" encoding="UTF-8"?>
<collection xmlns="http://www.loc.gov/MARC21/slim">
 <record>
  <leader>00722pamaa2200205   4500</leader>
  <controlfield tag="001">0000045791</controlfield>
  <controlfield tag="005">20140506090000.0</controlfield>
  <controlfield tag="008">090728                             eng  </controlfield>
  <datafield tag="020" ind1="0" ind2="0">
   <subfield code="a">9781435402591 / 1435402596 (CD-ROM) </subfield>
  </datafield>
  <datafield tag="090" ind1="0" ind2="0">
   <subfield code="a">T385 </subfield>
   <subfield code="b">STE 2009</subfield>
  </datafield>
  <datafield tag="100" ind1="1" ind2="0">
   <subfield code="a">Stellman </subfield>
  </datafield>
  <datafield tag="245" ind1="1" ind2="0">
   <subfield code="a">Harnessing AutoCAD 2009 [</subfield>
   <subfield code="m">CD-ROM]  </subfield>
   <subfield code="c">Thomas A. Stellman, G.V. Krishnan.</subfield>
  </datafield>
  <datafield tag="260" ind1="0" ind2="0">
   <subfield code="a">Clifton Park, NY: </subfield>
   <subfield code="b">Autodesk Press/Thomson Delmar Learning, </subfield>
   <subfield code="c">2009.</subfield>
  </datafield>
  <datafield tag="300" ind1=" " ind2=" ">
   <subfield code="a">1 CD-ROM; </subfield>
   <subfield code="c">4.5 inch.</subfield>
  </datafield>
  <datafield tag="500" ind1="0" ind2="0">
   <subfield code="a">To accompany textbook titled &quot;Harnessing AutoCAD 2009 / Thomas A. Stellman, G.V. Krishnan&quot;</subfield>
  </datafield>
  <datafield tag="501" ind1="0" ind2="0">
   <subfield code="a">FOCIT</subfield>
  </datafield>
  <datafield tag="650" ind1="0" ind2="0">
   <subfield code="a">Computer graphics </subfield>
  </datafield>
  <datafield tag="650" ind1="0" ind2="0">
   <subfield code="a">AutoCAD </subfield>
  </datafield>
  <datafield tag="700" ind1="1" ind2="1">
   <subfield code="a">Krishnan, </subfield>
   <subfield code="h">G.V. </subfield>
  </datafield>
  <datafield tag="901" ind1=" " ind2=" ">
   <subfield code="u">http://www.delmarlearning.com</subfield>
  </datafield>
 </record>
</collection>
